Catálogo público

Fisiología vegetal / (Record no. 165653)

MARC details
000 -CABECERA
campo de control de longitud fija 00703nam a2200277Ia 4500
001 - NÚMERO DE CONTROL
campo de control Z_2593
003 - IDENTIFICADOR DEL NÚMERO DE CONTROL
campo de control CHAP
008 - DATOS DE LONGITUD FIJA--INFORMACIÓN GENERAL
campo de control de longitud fija 220113s1979 xx 000 0 und d
010 ## - NÚMERO DE CONTROL DE LA BIBLIOTECA DEL CONGRESO
Número de control de LC 165653
040 ## - FUENTE DE LA CATALOGACIÓN
Centro/agencia transcriptor CHAP
082 ## - NÚMERO DE LA CLASIFICACIÓN DECIMAL DEWEY
Número de clasificación 581.1 B5y
100 ## - ENTRADA PRINCIPAL--NOMBRE DE PERSONA
Nombre de persona Bidwell, Roger Grafton Shelford
9 (RLIN) 12624
245 ## - MENCIÓN DE TÍTULO
Título Fisiología vegetal /
Mención de responsabilidad, etc. por Roger Grafton Shelford Bidwell
260 ## - PUBLICACIÓN, DISTRIBUCIÓN, ETC.
Lugar de publicación, distribución, etc. México, D. F. :
Nombre del editor, distribuidor, etc. AGT,
Fecha de publicación, distribución, etc. 1979
300 ## - DESCRIPCIÓN FÍSICA
Extensión 784 p. :
Otras características físicas ilus.
440 ## - MENCIÓN DE SERIE/PUNTO DE ACCESO ADICIONAL--TÍTULO
Título
500 ## - NOTA GENERAL
Nota general Trad. De : la 2 ed. En inglés de 1979
503 ## - NOTA DE HISTORIA BIBLIOGRÁFICA (BK CF MU) [OBSOLETO]
Nota de historia bibliográfica 123802, 128809,129057, C/E
650 ## - PUNTO DE ACCESO ADICIONAL DE MATERIA--TÉRMINO DE MATERIA
Término de materia o nombre geográfico como elemento de entrada Fisiología vegetal
9 (RLIN) 41136
901 ## - ELEMENTOS DE DATOS A LOCAL LDA (RLIN)
a 581.1 B5y
902 ## - ELEMENTOS DE DATOS B LOCAL, LDB (RLIN)
a A
910 ## - DATOS DE OPCIÓN DEL USUARIO (OCLC)
Datos de opción del usuario 1979
942 ## - ELEMENTOS DE PUNTO DE ACCESO ADICIONAL (KOHA)
Tipo de ítem Koha Libro_
942 ## - ELEMENTOS DE PUNTO DE ACCESO ADICIONAL (KOHA)
Tipo de ítem Koha
Holdings
Estado de retiro Estado de pérdida Fuente del sistema de clasificación o colocación Estado dañado No para préstamo Código de colección Localización permanente Ubicación/localización actual Ubicación en estantería Fecha de adquisición Código de barras Fecha visto por última vez Número de copia Precio válido a partir de Tipo de ítem Koha Total de préstamos Fecha del último préstamo
    Dewey Decimal Classification     General Zootecnia Zootecnia   09/11/2005 z_2519 18/01/2022 1 18/01/2022 Libro    
    Dewey Decimal Classification     General Zootecnia Zootecnia   09/11/2005 z_2520 16/05/2024 2 18/01/2022 Libro 2 09/05/2024
    Dewey Decimal Classification     General Zootecnia Zootecnia   09/11/2005 z_2521 18/01/2022 3 18/01/2022 Libro    
    Dewey Decimal Classification     General Zootecnia Zootecnia   09/11/2005 z_2522 14/04/2023 4 18/01/2022 Libro 1 10/04/2023
    Dewey Decimal Classification     General Zootecnia Zootecnia   09/11/2005 z_2523 30/04/2025 5 18/01/2022 Libro 1 30/04/2025
    Dewey Decimal Classification     General Zootecnia Zootecnia   09/11/2005 z_4976 01/02/2024 6 18/01/2022 Libro 1 01/02/2024
    Dewey Decimal Classification     General Zootecnia Zootecnia   09/11/2005 z_4977 29/04/2025 7 18/01/2022 Libro 3 29/04/2025